Geografia - prawda czy fałsz? #1 - Statystyki

Ogólne statystyki
  • Ten quiz został rozwiązany 5 767 razy
    5 718 od ostatniego zresetowania
  • Średni wynik to 11 z 16
Statystyki odpowiedzi
Zagadnienie Odpowiedź % Poprawnych
Meksyk leży na południe od równika Fałsz
90%
W Nowej Zelandii jest więcej owiec niż ludzi Prawda
88%
Jest państwo ,którego waluta nazywa się Lira Prawda
88%
Żadne państwo nie ma granicy lądowej z Wielką Brytanią Fałsz
87%
Szwajcaria jest częścią Unii Europejskiej Fałsz
84%
Afryka jest większa od Rosji pod względem powierzchni Prawda
83%
Przynajmniej część Oceanu Arktycznego jest zawsze zamarznięta Prawda
82%
Poza Włochami nie ma państw, w których włoski jest językiem urzędowym Fałsz
79%
Rosja graniczy z Koreą Północną i Norwegią Prawda
73%
Szanghaj leży dalej na północ niż Pekin Fałsz
67%
Najgłębszym jeziorem w Polsce jest jezioro Śniardwy Fałsz
64%
100% terytorium Singapuru położone jest na wyspach Prawda
57%
Chiny mają tylko jedną strefę czasową Prawda
50%
Można dojechać drogami z Anchorage do Buenos Aires Fałsz
43%
Paryż leży dalej na północ niż Toronto Prawda
42%
Najwięcej jezior w Polsce znajduje się w województwie Pomorskim Prawda
18%
Nie znaleziono quizów pasujących do podanych kryteriów
Rozkład punktacji
Procent ludzi z każdym wynikiem
Percentyl według liczby udzielonych odpowiedzi
Twoja historia wyników
Nie rozwiązałeś tego quizu od ostatniego zresetowania